Study of Clinical and Microbiological Response to Extended Spectrum Cephalosporins in Males with Gonococcal Urethritis (Record no. 1851708)

MARC details
000 -LEADER
fixed length control field 00941nam a2200361Ia 4500
005 - DATE AND TIME OF LATEST TRANSACTION
control field 20260514124340.0
008 - FIXED-LENGTH DATA ELEMENTS--GENERAL INFORMATION
fixed length control field 008 261405s9999 xx 000 0 eng d
037 ## -
-- Thesis
040 ## - CATALOGING SOURCE
-- CRL
040 ## - CATALOGING SOURCE
Language of cataloging eng
040 ## - CATALOGING SOURCE
Transcribing agency CRL
041 ## - LANGUAGE CODE
Language code of text eng
084 ## - COLON CLASSIFICATION NUMBER
-- CRL
100 ## - MAIN ENTRY--PERSONAL NAME
Student/researcher name Saxena Dr.Shikhar
245 #0 - TITLE STATEMENT
Title Study of Clinical and Microbiological Response to Extended Spectrum Cephalosporins in Males with Gonococcal Urethritis
260 ## - PUBLICATION, DISTRIBUTION, ETC.
Place of publication, distribution, etc. Delhi
260 ## - PUBLICATION, DISTRIBUTION, ETC.
Name of publisher, distributor, etc. University of Delhi
260 ## - PUBLICATION, DISTRIBUTION, ETC.
Date of publication, distribution, etc. 2016
300 ## - PHYSICAL DESCRIPTION
Extent 78p.
502 ## - Thesis Note
Degree type Ph.D.
502 ## - Thesis Note
Name of granting institution University of Delhi
502 ## - Thesis Note
Year degree granted 2016
650 ## - SUBJECT ADDED ENTRY--TOPICAL TERM
LCSH or local subjects Microbiology
700 ## - ADDED ENTRY--PERSONAL NAME
Supervisor / Guide name Dr.A. Chakravarti
700 ## - ADDED ENTRY--PERSONAL NAME
Supervisor / Guide name Dr.Kabir Sardana
700 ## - ADDED ENTRY--PERSONAL NAME
Supervisor / Guide name Dr.P.Bhalla.
700 ## - ADDED ENTRY--PERSONAL NAME
Supervisor / Guide name Dr.Vijay Kumar,
942 ## - ADDED ENTRY ELEMENTS (KOHA)
Koha item type Thesis
100 ## - MAIN ENTRY--PERSONAL NAME
-- 1239487
541 ## - IMMEDIATE SOURCE OF ACQUISITION NOTE
-- Thesis
700 ## - ADDED ENTRY--PERSONAL NAME
-- 1239488
700 ## - ADDED ENTRY--PERSONAL NAME
-- 1239489
700 ## - ADDED ENTRY--PERSONAL NAME
-- 1239490
700 ## - ADDED ENTRY--PERSONAL NAME
-- 1239491
999 ## -
-- 1851708
-- 1851708
Holdings
Withdrawn status Lost status Not for loan Home library Current library Date acquired Accession Number Koha item type
      Central Library Central Library 2026-05-14 TH027929 Thesis
Copyright @ Delhi University Library System